| 000 | 00638nam a22002417a 4500 | ||
|---|---|---|---|
| 003 | OSt | ||
| 005 | 20140310181733.0 | ||
| 008 | 130318t xxu||||| |||| 00| 0 eng d | ||
| 020 | _a9810180837 | ||
| 050 |
_aQA 135 _b.P952 2000 |
||
| 082 |
_aTRM 510 _b P93 2000 |
||
| 245 |
_aPrimary mathematics 6A _cPrimary mathematics project team |
||
| 260 |
_aSingapore : _bTimes Media Private Ltd., _cc2000. |
||
| 300 |
_a96p. , _bill.:col.; _c26 cm. |
||
| 521 | _aFaculty | ||
| 541 | _j1 | ||
| 541 | _j2 | ||
| 541 | _j3 | ||
| 541 | _j4 | ||
| 541 | _j5 | ||
| 562 | _e5 | ||
| 942 |
_2lcc _cBK-TR _kTRM |
||
| 999 |
_c2463 _d2463 |
||